Most-visited Countries by Spain Presidents - Statistics

General Stats
  • This quiz has been taken 95 times
  • The average score is 18 of 21
Answer Stats
# Country % Correct
47 France
100%
23 Italy
100%
26 Portugal
99%
26 United States
99%
13 United Kingdom
98%
9 China
94%
22 Germany
93%
10 Morocco
93%
5 Russia
93%
6 Mexico
92%
6 Argentina
88%
116 Belgium
88%
10 Poland
87%
5 Colombia
85%
5 Chile
80%
11 Switzerland
80%
5 Austria
76%
5 Algeria
75%
9 Turkey
73%
7 Vatican City
68%
6 Malta
42%
No matching quizzes found
Score Distribution
Percent of People with Each Score
Percentile by Number Answered
Your Score History
You have not taken this quiz